00772nam a2200253Ia 4500003000400000005001700004006001900021007000300040008004100043020002100084024001100105037001200116040001800128041001300146082002400159100001300183245003500196260004700231300001500278650002800293942003400321999001900355952014400374OSt20221005023720.0a|||||r|||| 00| 0 ta221004b |||||||| |||| 00| 0 ori d a8189040146 (hbk) a101687 cTextual aCRLcCRLbori 2oriaori aO152,2M36,SU, 111P4 aDas J.P. 0aSundardasb Play in three acts aBhubansewarbGrassroots India c2004 a112p.ccm. aORIYA LITERATURE927692 hO152,2M36,SU, 111P4cTEXL2cc c931660d931660 00104070aCRLbCRLd2022-10-05l0oO152,2M36,SU 111P4pCL1513290r2022-10-05 00:00:00w2022-10-05yTEXLzTranslated from Oriya to English